• 首页
  • 本馆介绍
  • 公告通知
  • 最新文献
  • 馆藏检索
  • 电子资源
  • 读者导购
  • 参考咨询
  • 我的图书馆
  • 登录
  • 期刊详细显示
  • 现刊情况显示
  • 合订本情况显示
  • 篇目信息显示

期刊信息

  • 表格格式
  • 工作单格式
  • 卡片格式
索取号 
K5/MITHOEIA
题名 
MILESTONES IN THE HISTORY OF ENGLISH IN AMERICA
作者 
ALLEN WALKER READ
分册号 
分册名 
出版地 
出版者 
AMERICAN DIALECT SOCIETY
标准刊号 
出版频率 
月刊
中图法分类 
K5
主题词 
欧洲 历史
电子资源 
000 00502nas0 2200181 45
001 0738040487
005 20070416103654.90
100    @a20070416d km y0chiy0120 ea
101 0  @aeng
200 1  @aMILESTONES IN THE HISTORY OF ENGLISH IN AMERICA@fALLEN WALKER READ
210    @cAMERICAN DIALECT SOCIETY
300    @aAnnual Supplement to American Speech
326    @a月刊
606 0  @a欧洲@x历史
690    @aK5@v4
701  0 @aALLEN WALKER READ
801  0 @aCN@bPFT@c20070416
905    @aTJWY@dK5@eMITHOEIA
    
    MILESTONES IN THE HISTORY OF ENGLISH IN AMERICA/ALLEN WALKER READ.-AMERICAN DIALECT SOCIETY
    
    Annual Supplement to American Speech
    
    
    
●
相关链接: 在易读查询期刊 在中国知网中查询期刊 在万方数据查询期刊 在维普查询期刊
唐山师范学院图书馆 欢迎您!
大连网信软件有限公司© 版权所有